Nombre de 1 à 20 en 15 secondes - Statistiques

Statistiques générales
  • Ce quiz a été pris 999 fois
  • Le résultat moyen est 18 sur 20
Statistiques - réponses
Réponse % Correct
1
100%
2
99%
3
98%
4
97%
5
97%
6
96%
7
96%
8
96%
9
95%
10
92%
11
92%
12
91%
13
90%
14
89%
15
87%
16
86%
17
86%
18
84%
19
83%
20
79%
Aucun quiz correspondant
Distribution des résultats
% des personnes avec chaque résultat
Percentile par nombre de réponses
Votre historique - résultats
Vous n’avez pas pris ce quiz